<?xml version="1.0" encoding="UTF-8"?>
<record
    xmlns:xsi="http://www.w3.org/2001/XMLSchema-instance"
    xsi:schemaLocation="http://www.loc.gov/MARC21/slim http://www.loc.gov/standards/marcxml/schema/MARC21slim.xsd"
    xmlns="http://www.loc.gov/MARC21/slim">

  <leader>01916nim a2200385 i 4500</leader>
  <controlfield tag="001">197287</controlfield>
  <controlfield tag="003">ES-MaACL</controlfield>
  <controlfield tag="005">20250828062616.0</controlfield>
  <controlfield tag="007">ss lsnjlcipnne</controlfield>
  <controlfield tag="008">140525s1991    sp nnnn  |||| 00|   spa d</controlfield>
  <datafield tag="040" ind1=" " ind2=" ">
    <subfield code="b">spa</subfield>
    <subfield code="c">ES-MaACL</subfield>
  </datafield>
  <datafield tag="245" ind1="0" ind2="4">
    <subfield code="a">Las contradicciones de la teor&#xED;a marxista original</subfield>
    <subfield code="h">[Grabaci&#xF3;n sonora] :</subfield>
    <subfield code="b">ciclo "La actualidad del pensamiento cr&#xED;tico" /</subfield>
    <subfield code="c">intervienen Jacobo Mu&#xF1;oz y Juan Tr&#xED;as ; presenta &#xC1;ngel Gonz&#xE1;lez</subfield>
  </datafield>
  <datafield tag="260" ind1=" " ind2=" ">
    <subfield code="a">Madrid : </subfield>
    <subfield code="b">Ateneo de Madrid, </subfield>
    <subfield code="c">1991</subfield>
  </datafield>
  <datafield tag="300" ind1=" " ind2=" ">
    <subfield code="a">2 casetes (ca. 180 min) :</subfield>
    <subfield code="b">son. ;</subfield>
    <subfield code="c">11 cm</subfield>
  </datafield>
  <datafield tag="490" ind1="1" ind2=" ">
    <subfield code="3">Actos culturales en el Ateneo de Madrid</subfield>
  </datafield>
  <datafield tag="511" ind1=" " ind2=" ">
    <subfield code="a">Participan: Jacobo Mu&#xF1;oz, catedr&#xE1;tico de Filosof&#xED;a en la Universidad Complutense de Madrid, y Juan Tr&#xED;as, profesor de Historia de las Ideas Pol&#xED;ticas en la Universidad Complutense de Madrid. Presenta &#xC1;ngel Gonz&#xE1;lez, vicepresidente de la Secci&#xF3;n de Filosof&#xED;a del Ateneo de Madrid</subfield>
  </datafield>
  <datafield tag="518" ind1=" " ind2=" ">
    <subfield code="a">Grabado el 26 de febrero de 1991 en el Sal&#xF3;n de Actos del Ateneo de Madrid.</subfield>
  </datafield>
  <datafield tag="520" ind1=" " ind2=" ">
    <subfield code="a">Segunda conferencia del ciclo La actualidad del pensamiento critico titulada Las contradicciones de la teor&#xED;a marxista original.</subfield>
  </datafield>
  <datafield tag="540" ind1=" " ind2=" ">
    <subfield code="a">Documento in&#xE9;dito</subfield>
  </datafield>
  <datafield tag="594" ind1=" " ind2=" ">
    <subfield code="5">Datos basados en la invitaci&#xF3;n.</subfield>
  </datafield>
  <datafield tag="610" ind1="2" ind2="0">
    <subfield code="a">Ateneo de Madrid-</subfield>
    <subfield code="x">Actos culturales-</subfield>
    <subfield code="y">1991-</subfield>
    <subfield code="v">Grabaciones sonoras</subfield>
    <subfield code="9">240452</subfield>
  </datafield>
  <datafield tag="650" ind1=" " ind2="4">
    <subfield code="9">14803</subfield>
    <subfield code="a">Marxismo</subfield>
  </datafield>
  <datafield tag="653" ind1=" " ind2=" ">
    <subfield code="a">Archivo de la palabra</subfield>
  </datafield>
  <datafield tag="655" ind1=" " ind2="0">
    <subfield code="a">Conferencias</subfield>
    <subfield code="9">234444</subfield>
  </datafield>
  <datafield tag="700" ind1="1" ind2=" ">
    <subfield code="9">137824</subfield>
    <subfield code="a">Mu&#xF1;oz, Jacobo</subfield>
    <subfield code="e">ora</subfield>
  </datafield>
  <datafield tag="700" ind1="0" ind2=" ">
    <subfield code="9">111384</subfield>
    <subfield code="a">Tr&#xED;as Vejarano, Juan</subfield>
    <subfield code="e">ora</subfield>
  </datafield>
  <datafield tag="700" ind1="1" ind2=" ">
    <subfield code="a">Gonz&#xE1;lez &#xC1;lvarez, &#xC1;ngel,</subfield>
    <subfield code="d">1916-1991</subfield>
    <subfield code="e">pres</subfield>
    <subfield code="9">58414</subfield>
  </datafield>
  <datafield tag="710" ind1="2" ind2=" ">
    <subfield code="a">Ateneo de Madrid. </subfield>
    <subfield code="b">Secci&#xF3;n de Filosof&#xED;a</subfield>
    <subfield code="9">1992</subfield>
  </datafield>
  <datafield tag="830" ind1=" " ind2="0">
    <subfield code="a">Actos culturales en el Ateneo de Madrid</subfield>
    <subfield code="9">240237</subfield>
  </datafield>
  <datafield tag="852" ind1=" " ind2=" ">
    <subfield code="a">ES-MaACL</subfield>
    <subfield code="c">DEPOZ</subfield>
    <subfield code="9">205543 </subfield>
  </datafield>
  <datafield tag="852" ind1=" " ind2=" ">
    <subfield code="a">ES-MaACL</subfield>
    <subfield code="c">DEPOZ</subfield>
    <subfield code="9">205544</subfield>
  </datafield>
  <datafield tag="942" ind1=" " ind2=" ">
    <subfield code="2">udc</subfield>
    <subfield code="n">0</subfield>
    <subfield code="c">CINTASAUD</subfield>
  </datafield>
  <datafield tag="999" ind1=" " ind2=" ">
    <subfield code="c">197287</subfield>
    <subfield code="d">197287</subfield>
  </datafield>
  <datafield tag="952" ind1=" " ind2=" ">
    <subfield code="0">0</subfield>
    <subfield code="1">0</subfield>
    <subfield code="2">udc</subfield>
    <subfield code="3">Cinta 1</subfield>
    <subfield code="4">0</subfield>
    <subfield code="7">0</subfield>
    <subfield code="8">archivo_palabra</subfield>
    <subfield code="a">ATENEOM</subfield>
    <subfield code="b">ATENEOM</subfield>
    <subfield code="c">DEPOZ</subfield>
    <subfield code="d">2025-05-14</subfield>
    <subfield code="l">0</subfield>
    <subfield code="o">AP/1232 bis</subfield>
    <subfield code="p">2025-0307</subfield>
    <subfield code="r">2025-05-14 00:00:00</subfield>
    <subfield code="w">2025-05-14</subfield>
    <subfield code="y">CINTASAUD</subfield>
  </datafield>
  <datafield tag="952" ind1=" " ind2=" ">
    <subfield code="0">0</subfield>
    <subfield code="1">0</subfield>
    <subfield code="2">udc</subfield>
    <subfield code="3">Cinta 2</subfield>
    <subfield code="4">0</subfield>
    <subfield code="7">0</subfield>
    <subfield code="8">archivo_palabra</subfield>
    <subfield code="a">ATENEOM</subfield>
    <subfield code="b">ATENEOM</subfield>
    <subfield code="c">DEPOZ</subfield>
    <subfield code="d">2025-05-14</subfield>
    <subfield code="l">0</subfield>
    <subfield code="o">AP/1233 bis</subfield>
    <subfield code="p">2025-0308</subfield>
    <subfield code="r">2025-05-14 00:00:00</subfield>
    <subfield code="w">2025-05-14</subfield>
    <subfield code="y">CINTASAUD</subfield>
  </datafield>
</record>
